| 000 | 00638nam a22002057a 4500 | ||
|---|---|---|---|
| 999 |
_c6192 _d6192 |
||
| 003 | AR-CdUCM | ||
| 008 | 190313b ||||| |||| 00| 0 spa d | ||
| 040 |
_aMUNICIPALIDAD PROVINCIAL DEL CUSCO _cBIBLIOTECA MUNICIPAL DEL CUSCO |
||
| 082 |
_a868.94 / _bV23 |
||
| 100 |
_aValle, Dinorath do _917876 |
||
| 245 | _aPau Brasil / | ||
| 260 |
_aLa Habana : _bEdiciones Casa de Las Américas ; _c1983. |
||
| 300 |
_a192 páginas ; _c19cm |
||
| 500 | _aDonación de la familia Nieto | ||
| 505 | _aContenido: Novela | ||
| 650 |
_aNovela brasileña _93579 |
||
| 650 |
_aLiteratura latinoamericana _96194 |
||
| 942 |
_2ddc _cLIBROS |
||
| 945 | _anom | ||